000 00474nam a2200181Ia 4500
008 090123s9999 xx 000 0 und d
082 _b985
100 _aबोर्डे रा.र.
245 _aपेरणी
250 _a1
260 _bकुलकर्णी अ.अ.
300 _a152
600 _aबोर्डे रा.र.
630 _aपेरणी
700 _aबोर्डे रा.र.
730 _aपेरणी
942 _cBOOK
999 _c39070
_d39070